000 00291nam a2200097Ia 4500
082 _a822.914 GOVE
245 0 _ain the manure : memories and reflections
100 _a GOVENDER, Ronnie Claremont, South Africa, 2008
_959733
942 _cBK
008 210817s9999 xx 000 0 und d
999 _c187781
_d187780